My Story (Record no. 21849)

MARC details
000 -LEADER
fixed length control field 00382nam a2200169Ia 4500
008 - FIXED-LENGTH DATA ELEMENTS--GENERAL INFORMATION
fixed length control field 220531s9999 xx 000 0 und d
041 ## - LANGUAGE CODE
Language code of text/sound track or separate title eng
082 ## - DEWEY DECIMAL CLASSIFICATION NUMBER
Item number DAS
100 ## - MAIN ENTRY--PERSONAL NAME
Personal name Das, Kamala
9 (RLIN) 35656
245 ## - TITLE STATEMENT
Title My Story
260 ## - PUBLICATION, DISTRIBUTION, ETC. (IMPRINT)
Name of publisher, distributor, etc. Sterling
Date of publication, distribution, etc. 1991
300 ## - PHYSICAL DESCRIPTION
Extent 219
542 ## - INFORMATION RELATING TO COPYRIGHT STATUS
Copyright holder 14-08-1997
650 ## - SUBJECT ADDED ENTRY--TOPICAL TERM
Topical term or geographic name as entry element English
9 (RLIN) 35657
906 ## - LOCAL DATA ELEMENT F, LDF (RLIN)
d 1997-1998
f 5401
Holdings
Withdrawn status Lost status Source of classification or shelving scheme Damaged status Not for loan Home library Current library Date acquired Vendor Cost, normal purchase price Total Checkouts Total Holds Full call number Barcode Date last seen Bill Date Koha item type Original Barcode
    Dewey Decimal Classification     Shri Siddhivinayak Mahila Mahavidyalaya Shri Siddhivinayak Mahila Mahavidyalaya 14/08/1997 International 90.00   1 /DAS/B/2830 SSMM-BK-2830 06/08/2022 06/08/2022 Books 010002830